000 00596nam a22001817a 4500
005 20240724144401.0
008 090826t xxu||||| |||| 00| 0 eng d
010 _aENG-140949
020 _a8190312553
_c340.00
035 _aEN-124481
037 _bDBAD/PUB
100 _aNaqvi , Mushtaq
_963720
245 _aThe Unknown King/
_cBy Esther Ebireri
260 _bExceller Books
_aBelgharia
_c2012
270 _aG1, Dream Apartment , Degree College Road
_bKolkata
_e700056
300 _a266pg;
_c22cm(pbk)
942 _2ddc
_cEN
_hN
_mEBI
999 _c204380
_d204380